| 000 | 00848nam a2200265 i 4500 | ||
|---|---|---|---|
| 001 | 26395 | ||
| 003 | ES-MaACL | ||
| 005 | 20251223063016.0 | ||
| 007 | t| | ||
| 008 | 030109s1925 sp ||||1| spa d | ||
| 100 | 0 |
_aAster, Ernst von _923670 |
|
| 245 | 1 | 0 |
_aLocke y Hume, Kant, Fichte / _cpor E. von Aster, P. Menzer y F. Medicus. |
| 260 |
_aMadrid : _bRevista de Occidente, _c1925. |
||
| 300 |
_a118 p. ; _c23 cm. |
||
| 490 | 1 |
_aLos grandes pensadores ; _v5 |
|
| 600 | 1 | 4 |
_aLocke, John. _973046 |
| 600 | 1 | 4 |
_aHume, David, _d1711-1776 _964719 |
| 600 | 1 | 4 |
_aKant, Immanuel, _d1724-1804 _9222608 |
| 600 | 1 | 4 |
_aFichte, Johann Gottlieb ( _d1762-1814) _950677 |
| 700 | 1 |
_aMenzer, P. _980394 |
|
| 700 | 1 |
_aMedicus, F. _979684 |
|
| 830 | 1 |
_aLos grandes pensadores ; _v5 _9182825 |
|
| 852 |
_aES-MaACL _jC-6650 |
||
| 999 |
_c26395 _d26395 |
||